000 00553nam a2200193Ia 4500
005 20260120124532.0
008 008 260114s9999 xx 000 0 eng d
020 _a9781784413804
037 _aEBOOK
040 _aCRL
_beng
_cCRL
041 _aeng
_2eng
084 _qCRL
245 0 _aAdvances in Industrial and Labor Relations
260 _bEmerald Publishing
_c2015
700 _aDavid Lewin
_9907504
856 _uhttps://www.emerald.com/insight/publication/doi/10.1108/S0742-6186201521
942 _cEBOOK
999 _c1499350
_d1499350